علا مہ شبلی نعما نی کی سو ا نح نگا ر يو ں کا ا د بی و تا ر يخی چا يز ہ (Record no. 187362)

MARC details
000 -LEADER
fixed length control field 00835nam a22001937a 4500
005 - DATE AND TIME OF LATEST TRANSACTION
control field 20220413121017.0
010 ## - LCCN (DPL NO)
LC control number UR-11517
020 ## - INTERNATIONAL STANDARD BOOK NUMBER
Terms of availability 250.00
International Standard Book Number -
035 ## - SYSTEM CONTROL NUMBER
System control number U-10072
037 ## - SOURCE OF ACQUISITION
Source of stock number/acquisition DBAD/PUB
Stock number -
082 ## - DEWEY DECIMAL CLASSIFICATION NUMBER
Classification number 840.54
Edition number Ist
100 ## - MAIN ENTRY--PERSONAL NAME
Personal name محمد نصير الد ين منشا و ی
245 ## - TITLE STATEMENT
Title علا مہ شبلی نعما نی کی سو ا نح نگا ر يو ں کا ا د بی و تا ر يخی چا يز ہ
Statement of responsibility, etc محمد نصير الد ين منشا و ی
Medium ا ر د و
246 ## - VARYING FORM OF TITLE
Remainder of title Allama Shibli Nomani Ki Sawaneh Nigariyoon Ka Adabi -o-Tareekhi Jaiza(Urdu)
Title proper/short title by Mohd. Naseeruddin Minshavi
260 ## - PUBLICATION, DISTRIBUTION, ETC. (IMPRINT)
Place of publication, distribution, etc Tilangana
Name of publisher, distributor, etc Urdu Academy (Tilangana)
Date of publication, distribution, etc 2019 ء
270 ## - ADDRESS
Address Shoba-e-Urdu Jamia Usmania ,
City Hyderabad
Postal code -
Telephone number 09393072196
Fax number -
300 ## - PHYSICAL DESCRIPTION
Extent 154 ص
Dimensions 22 Cm(Hb)
942 ## - ADDED ENTRY ELEMENTS (KOHA)
Source of classification or shelving scheme Dewey Decimal Classification
Item type Urdu Bks
Classification part 840.54
Call number suffix ش ب ل
Holdings
Withdrawn status Lost status Not for loan Collection code Home library Current library Date acquired Source of acquisition Cost, normal purchase price Full call number Barcode Copy number Cost, replacement price Koha item type
    Not For Loan Non-fiction D.B.Act.Division Central Library 13/04/2022 DBAD/PUB 250.00 840.54 ش ب ل U-10072 1 250.00 Urdu Bks

© Delhi Public Library
Hit Counter
free hit counter